00761cam a22002417a 4500001000500000005001700005020002500022040003200047050000900079082001000088100001900098245006000117260003600177300006000213505000800273520006800281521002800349521002000377650004400397650003600441655001700477655002500494405820251119163033.0 a9780312508371 (hbk.) aBTCTAcBTCTAdHCOdDLCbeng00b2010 a363.6 aPriddy, Roger 00aHome :ba lift-the-flap shadow book /cby Roger Priddy  aNew York :bPriddy Books,c2010 a14 unnumbered pages : bcolor illustrations ;c14 cm .  aB  aWhat things from around the home will you find under the flaps? a40 bLexile estimate  aB bRaz-Plus  0aHouse furnishingsvJuvenile literature. 0aDwellingsvJuvenile literature. 0aBoard books. 0aLift-the-flap books.